Štúdium účinku derivátov dihydropyridínov na myšiu leukemickú líniu L1210

Enregistré dans:
Détails bibliographiques
Auteur principal: Sojková, Miroslava (Auteur)
Autres auteurs: Elefantová, Katarína (Directeur de thèse)
Format: Manuscrit Livre
Langue:slovaque
Publié: 2021
Sujets:
Accès en ligne:http://is.stuba.sk/zp/portal_zp.pl?podrobnosti=157544
Tags: Ajouter un tag
Pas de tags, Soyez le premier à ajouter un tag!

MARC

LEADER 00000ntm a22000003a 4500
001 stuzp84851
003 SK-STU
005 20210605211022.7
007 ta
008 150427s2015----xo-----f-mn---000-0-slo-d
040 |a STU  |b slo 
041 0 |a slo 
100 1 |a Sojková, Miroslava  |u 043000  |4 aut  |U FCHPT Fakulta chemickej a potravinárskej technológie  |T FCHPT Ústav biochémie a mikrobiológie  |X 86806  |U C3000  |Y 101  |7 86806 
242 0 1 |a Study of the effect of dihydropyridine derivatives on the murine leukemia line L1210  |y eng 
245 1 0 |a Štúdium účinku derivátov dihydropyridínov na myšiu leukemickú líniu L1210 
260 |c 2021 
650 4 |a P-glykoproteín  |2 slo 
650 4 |a programovaná bunková smrť  |2 slo 
650 4 |a viaclieková rezistencia  |2 slo 
650 4 |a dihydropyridíny  |2 slo 
650 4 |a P-glycoprotein  |2 eng 
650 4 |a multidrug resistance  |2 eng 
650 4 |a programmed cell death  |2 eng 
650 4 |a dihydropyridines  |2 eng 
700 1 |a Elefantová, Katarína  |u 043000  |k Z2  |4 ths  |U FCHPT Fakulta chemickej a potravinárskej technológie  |T FCHPT Ústav biochémie a mikrobiológie  |X 26866  |U C3000  |Y 101  |7 A000026866 
856 4 |u http://is.stuba.sk/zp/portal_zp.pl?podrobnosti=157544